| 000 | 00864nam a22002415i 4500 | ||
|---|---|---|---|
| 001 | 177601 | ||
| 003 | ES-MaACL | ||
| 005 | 20250808081326.0 | ||
| 008 | 110405s1967 sp |||| | spa d | ||
| 080 | _a342.9(460) | ||
| 080 | _a352(460) | ||
| 100 | 1 |
_aArnanz Delgado, Rafael A. _923044 |
|
| 245 | 1 | 0 |
_aDe la competencia administrativa _b: (con especial alusión a la municipal) / _cpor Rafael A. Arnanz. |
| 260 |
_aMadrid : _bMontecorvo, _c1967. |
||
| 300 |
_a288 p. ; _c25 cm. |
||
| 490 | 1 |
_aMonografías. Colección de estudios jurídicos ; _v17 |
|
| 500 | _aÍndice. | ||
| 650 | 0 | 7 |
_aDerecho administrativo- _zEspaña _2 _9145992 |
| 650 | 0 | 4 |
_aAdministración municipal- _zEspaña. _99642 |
| 830 | 0 |
_aMonografías. Colección de estudios jurídicos ; _v17 _9190484 |
|
| 852 |
_aES-MaACL _jE-14804 _xOlim P-860-bis |
||
| 999 |
_c177601 _d177601 |
||